<?xml version="1.0" encoding="UTF-8"?>
<record
    xmlns:xsi="http://www.w3.org/2001/XMLSchema-instance"
    xsi:schemaLocation="http://www.loc.gov/MARC21/slim http://www.loc.gov/standards/marcxml/schema/MARC21slim.xsd"
    xmlns="http://www.loc.gov/MARC21/slim">

  <leader>00783nam a22001937a 4500</leader>
  <datafield tag="999" ind1=" " ind2=" ">
    <subfield code="c">158654</subfield>
    <subfield code="d">158654</subfield>
  </datafield>
  <controlfield tag="005">20181110154824.0</controlfield>
  <datafield tag="010" ind1=" " ind2=" ">
    <subfield code="a">B-712819</subfield>
  </datafield>
  <datafield tag="020" ind1=" " ind2=" ">
    <subfield code="a">9789311123790</subfield>
    <subfield code="c">735.00</subfield>
  </datafield>
  <datafield tag="035" ind1=" " ind2=" ">
    <subfield code="a">B-712819</subfield>
  </datafield>
  <datafield tag="037" ind1=" " ind2=" ">
    <subfield code="b">RK Books</subfield>
  </datafield>
  <datafield tag="082" ind1=" " ind2=" ">
    <subfield code="a">000</subfield>
  </datafield>
  <datafield tag="245" ind1=" " ind2=" ">
    <subfield code="a">Pathfinder CDS (combined defence services entrance examination):</subfield>
    <subfield code="b">A complete self study guide for CDS examination /</subfield>
    <subfield code="c">compiled and edited by Arihant</subfield>
  </datafield>
  <datafield tag="250" ind1=" " ind2=" ">
    <subfield code="a">2018-19 ed.</subfield>
  </datafield>
  <datafield tag="260" ind1=" " ind2=" ">
    <subfield code="a">New Delhi</subfield>
    <subfield code="b">Arihant</subfield>
    <subfield code="c">2018-19</subfield>
  </datafield>
  <datafield tag="270" ind1=" " ind2=" ">
    <subfield code="a">Ramchhaya 4577/15, Agarwal Road, Daryaganj</subfield>
    <subfield code="b">New Delhi</subfield>
    <subfield code="e">110002</subfield>
  </datafield>
  <datafield tag="300" ind1=" " ind2=" ">
    <subfield code="a">1092p.</subfield>
    <subfield code="c">27cm (pbk)</subfield>
  </datafield>
  <datafield tag="942" ind1=" " ind2=" ">
    <subfield code="2">ddc</subfield>
    <subfield code="c">EN</subfield>
    <subfield code="h">000</subfield>
    <subfield code="m">PAT</subfield>
  </datafield>
  <datafield tag="952" ind1=" " ind2=" ">
    <subfield code="0">0</subfield>
    <subfield code="1">0</subfield>
    <subfield code="4">0</subfield>
    <subfield code="7">0</subfield>
    <subfield code="8">NFIC</subfield>
    <subfield code="a">AV</subfield>
    <subfield code="b">AV</subfield>
    <subfield code="d">2018-11-10</subfield>
    <subfield code="e">RK Books/IN1965/18-19/18-10-18/536/15-10-18/31-10-18</subfield>
    <subfield code="g">735.00</subfield>
    <subfield code="l">13</subfield>
    <subfield code="m">4</subfield>
    <subfield code="o">000 PAT</subfield>
    <subfield code="p">B-712819</subfield>
    <subfield code="r">2023-06-10 00:00:00</subfield>
    <subfield code="s">2020-10-12</subfield>
    <subfield code="t">1</subfield>
    <subfield code="v">735.00</subfield>
    <subfield code="y">EN</subfield>
  </datafield>
</record>
